| 000 | 00915nam a2200253 i 4500 | ||
|---|---|---|---|
| 001 | 78779 | ||
| 003 | ES-MaACL | ||
| 005 | 20230906173819.0 | ||
| 007 | t| | ||
| 008 | 041018s1969 sp ||||1| spa d | ||
| 245 | 0 | 1 |
_a¿Hay un mañana para el sacerdote? / _cPierre Fransen ... [et al.] ; prólogo y notas previas de Fernando Vittorino Joannes ; [traducción de José Manuel Romero]. |
| 260 |
_aMadrid : _bCuadernos para el Diálogo, _c1969. |
||
| 300 |
_a232 p. ; _c19 cm. |
||
| 490 | 1 |
_aReligión y mundo. Documentos nuevos ; _v5 |
|
| 650 | 0 | 0 |
_aSacerdotes. _916959 |
| 650 | 0 | 0 |
_aCelibato. _910868 |
| 700 | 1 |
_aFransen, Pierre. _952352 |
|
| 700 | 1 |
_aJoannes, Ferdinando Vittorino. _966679 |
|
| 700 | 1 |
_aRomero, José Manuel. _999333 |
|
| 710 | 2 |
_aCuadernos para el Diálogo. _93333 |
|
| 830 | 1 |
_aReligión y mundo. Documentos nuevos ; _v5 _9185591 |
|
| 852 |
_aES-MaACL _jC-51592 |
||
| 999 |
_c78779 _d78779 |
||